Culture Générale - Série 2588 - Statistiques

Statistiques générales
  • Ce quiz a été pris 127 fois
  • Le résultat moyen est 4 sur 10
Statistiques - réponses
Question Réponse % Correct
Quel pays la Grande barrière de corail borde-t-elle ? Australie
88%
Quelle est la capitale de la Macédoine ? Skopje
70%
Comment appelle-t-on la banque Crédit Lyonnais depuis 2005 ? LCL
56%
Quel nom donne-t-on à la maladie due à une intoxication par le plomb ? saturnisme
53%
Quelle est la capitale du pays dont l'ancien footballeur international Georges Weah est le Président ? Monrovia
35%
L'un des plus célèbres films d'épouvante réalisé par William Friedkin, en 1973 ? L'exorciste
32%
"C'est un trou de verdure où chante une rivière" : titre du poème ? Le dormeur du val
31%
Qu'est-ce qu'une rémige ? plume
26%
Quel est l'ancien nom français de la ville algérienne de Béjaïa qui était réputée pour ses chandelles ? Bougie
13%
Dans le comte de Monte-Cristo, le navire d'Edmond Dantès s'appelait " Le .... pharaon
4%
Aucun quiz correspondant
Distribution des résultats
% des personnes avec chaque résultat
Percentile par nombre de réponses
Votre historique - résultats
Vous n’avez pas pris ce quiz